Komunikace ve virtuálním týmu
Manažérska výzva - riadenie virtuálnych tímov, ktorých členovia sú rozptýlení v rôznych častiach sveta. Vytvorenie humánnej komunikačnej kultúry založenej na rešpektovaní hodnôt. Lojálnosť pracovníkov k firme. Signály strácajúcej sa lojálnosti pracovníkov. Motivácia zamestnancov. Kľúčová prvá fáza b...
Na minha lista:
| Autor principal: | |
|---|---|
| Formato: | Capítulo de Livro |
| Idioma: | tcheco |
| Assuntos: | |
| Tags: |
Sem tags, seja o primeiro a adicionar uma tag!
|
MARC
| LEADER | 00000naa$a2200000$$$4500 | ||
|---|---|---|---|
| 001 | 0116025 | ||
| 005 | 20231213140131.0 | ||
| 041 | 0 | |a cze | |
| 044 | |a CZ | ||
| 245 | 1 | 0 | |a Komunikace ve virtuálním týmu |c Gerd F. Radisch |
| 520 | |a Manažérska výzva - riadenie virtuálnych tímov, ktorých členovia sú rozptýlení v rôznych častiach sveta. Vytvorenie humánnej komunikačnej kultúry založenej na rešpektovaní hodnôt. Lojálnosť pracovníkov k firme. Signály strácajúcej sa lojálnosti pracovníkov. Motivácia zamestnancov. Kľúčová prvá fáza budovania virtuálneho tímu. | ||
| 610 | 2 | 0 | |a riadenie podnikové |
| 610 | 2 | 0 | |a vedenie ľudí |
| 610 | 2 | 0 | |a tímy pracovné |
| 610 | 2 | 0 | |a komunikácia elektronická |
| 610 | 2 | 0 | |a motivácia |
| 610 | 2 | 0 | |a lojálnosť zamestnancov |
| 610 | 2 | 0 | |a technológie informačné |
| 610 | 2 | 0 | |a technológie komunikačné |
| 100 | 1 | |a Radisch, Gerd F. | |